000 00907nam a2200265Ia 4500
003 OSt
005 20220926011342.0
006 a|||||r|||| 00| 0
007 ta
008 220923b |||||||| |||| 00| 0 eng d
020 _a9780691050195
_c2469.48
037 _b5379, 04/12/2014, RAJKIRAN BOOK AGENCY
_cGeneral Book
040 _aRTL
_cRTL
_beng
041 _2eng
_aeng
082 _aT4:8.73y7, M8
100 _aBOWEN William G.
_931545
245 0 _aShape of the river
_b Long-term consequences of considering in college and university admissions.
260 _aNew Jersey
_bPrinceton University Press
_c1988
300 _alxiv,472p.
_ccm.
500 _aAppendix chapterwise
650 _aEconomics
700 _a BOK Derek
_9250541
942 _hT4:8.73y7, M8
_cGB
_2CC
999 _c619817
_d619817